Statistics for Countries that observe Workers' Day/Labour Day on May 1st

Click here to take the quiz!

General Stats

  • This quiz has been taken 5 times
  • The average score is 73 of 153

Answer Stats

Country% Correct
Russia
100%
Vietnam
100%
Belgium
75%
Cambodia
75%
China
75%
Cyprus
75%
France
75%
Germany
75%
Greece
75%
India
75%
Indonesia
75%
Iran
75%
Iraq
75%
Italy
75%
Laos
75%
Lebanon
75%
Malaysia
75%
Mexico
75%
Myanmar
75%
North Korea
75%
Norway
75%
Pakistan
75%
Portugal
75%
Spain
75%
Sri Lanka
75%
Sweden
75%
Syria
75%
Taiwan
75%
United Kingdom
75%
Albania
50%
Algeria
50%
Andorra
50%
Angola
50%
Argentina
50%
Armenia
50%
Austria
50%
Bangladesh
50%
Belarus
50%
Belize
50%
Benin
50%
Bolivia
50%
Bosnia and
Herzegovina
50%
Botswana
50%
Brazil
50%
Bulgaria
50%
Chad
50%
Chile
50%
Colombia
50%
Costa Rica
50%
Croatia
50%
Cuba
50%
Czech Republic
50%
Democratic Republic
of the Congo
50%
Dominica
50%
Dominican Republic
50%
East Timor
50%
Ecuador
50%
Egypt
50%
El Salvador
50%
Ethiopia
50%
Gambia
50%
Georgia
50%
Grenada
50%
Guatemala
50%
Guinea
50%
Guyana
50%
Haiti
50%
Honduras
50%
Hungary
50%
Iceland
50%
Ivory Coast
50%
Kenya
50%
Kosovo
50%
Kuwait
50%
Kyrgyzstan
50%
Latvia
50%
Libya
50%
Liechtenstein
50%
Lithuania
50%
Luxembourg
50%
Malta
50%
Moldova
50%
Montenegro
50%
Morocco
50%
Nicaragua
50%
Niger
50%
Nigeria
50%
North Macedonia
50%
Panama
50%
Paraguay
50%
Peru
50%
Poland
50%
Republic of the Congo
50%
Romania
50%
Saint Kitts and Nevis
50%
Saint Lucia
50%
Saint Vincent and the
Grenadines
50%
San Marino
50%
São Tomé and Príncipe
50%
Senegal
50%
Serbia
50%
Singapore
50%
Slovakia
50%
Slovenia
50%
South Africa
50%
Suriname
50%
Switzerland
50%
Tajikistan
50%
Togo
50%
Tunisia
50%
Turkey
50%
Ukraine
50%
Uruguay
50%
Vatican City
50%
Venezuela
50%
Yemen
50%
Zambia
50%
Antigua and Barbuda
25%
Bahrain
25%
Barbados
25%
Brunei
25%
Burkina Faso
25%
Cape Verde
25%
Djibouti
25%
Equatorial Guinea
25%
Eritrea
25%
Eswatini
25%
Gabon
25%
Ghana
25%
Guinea-Bissau
25%
Jordan
25%
Lesotho
25%
Mali
25%
Mauritania
25%
Monaco
25%
Mozambique
25%
Namibia
25%
Palau
25%
Philippines
25%
Qatar
25%
Somalia
25%
Tanzania
25%
Trinidad and Tobago
25%
Uganda
25%
Burundi
0%
Cameroon
0%
Central African Republic
0%
Madagascar
0%
Malawi
0%
Maldives
0%
Mauritius
0%
Rwanda
0%
Seychelles
0%

Score Distribution

Percentile by Number Answered

Percent of People with Each Score

Your Score History

You have not taken this quiz